| 000 | 00543nam a22001817a 4500 | ||
|---|---|---|---|
| 003 | CEME | ||
| 005 | 20210628202425.0 | ||
| 008 | 210204b xxu||||| |||| 00| 0 eng d | ||
| 020 | _a0-07-239342-4 | ||
| 040 | _c. | ||
| 082 | _a621.3 KAS | ||
| 100 |
_aKasap, S.O _958451 |
||
| 245 | _aPrinciples of electronic materials and device | ||
| 260 |
_aNEW YORK _bMCGRAW HILL _c2002 |
||
| 300 | _aXV,745P | ||
| 650 |
_aELECTRONIC MATERIALS AND DEVICES; ELECTRIC APPARATUS AND APPLIANCES; ELECTRIC ENGINEERING-MATERIALS _959849 |
||
| 942 |
_cBK _2ddc |
||
| 999 |
_c569733 _d569733 |
||